Normal view MARC view

Entry Personal Name

Number of records used in: 1

001 - CONTROL NUMBER

  • control field: 160086

003 - CONTROL NUMBER IDENTIFIER

  • control field: OSt

005 - DATE AND TIME OF LATEST TRANSACTION

  • control field: 20220923211248.0

008 - FIXED-LENGTH DATA ELEMENTS

  • fixed length control field: 220923|| aca||aabn | a|a d

040 ## - CATALOGING SOURCE

  • Original cataloging agency: OSt
  • Transcribing agency: OSt

100 ## - HEADING--PERSONAL NAME

  • Personal name: ਸਿੰਘ, ਬ੍ਰਹਮਜਗਦੀF

670 ## - SOURCE DATA FOUND

  • Source citation: Work cat.: (OSt)297865: ਸਿੰਘ, ਬ੍ਰਹਮਜਗਦੀF, Fਬਦ ਤੇ ਸਲੋਕ* ਗੁਰੂ ਤੇਫ਼ ਬਹਾਦਰ* ਪਾਠ, ਵਿਆਖਿਆ ਤੇ ਪ੍ਰਵਚਨ, 2008
Copyright @ Delhi University Library System